000 00482nam a2200133 a 4500
008 120416s1981 ||||||||||||||||| || u
050 _aNA 1501 Bro
100 _aBrown, Percy
245 1 0 _aIndian architeture (Islamic period)
260 _aBombay
_bD. B. Taraporevala
_c1981
300 _axv, 134p. : ill.
350 _a0.00
995 _D0.00
_FCBU-MAIN LIBRARY (Kitwe)
_H1
_I0.00
_M1
_UAVAILABLE
_ZMain Library Open Access Collection
999 _c46640
_d46640